000 00402nam a2200169Ia 4500
003 GCL
008 140319s9999 xx 000 0 eng d
040 _aGCL /
_cGCL
082 0 4 _a843
_bD M
100 1 _aDEBRAY, REGIS
245 1 0 _aLES MASQUES /
_cDEBRAY, REGIS
260 _a[S.N] :
_bFOLIO ،
_c1992
300 _a275 P
650 0 4 _aLITERATURE
650 0 4 _aFRENCH LITERATURE
942 _2ddc
_cBK
999 _c22008
_d22008